| 000 | 00688nam a22001817a 4500 | ||
|---|---|---|---|
| 005 | 20140925144103.0 | ||
| 010 | _aENG-110905 | ||
| 020 |
_a9789351432531 _c695.00 |
||
| 035 | _aEN-94437 | ||
| 037 | _bDBAD/PUB | ||
| 082 | _a340 | ||
| 245 |
_aUGC NET law : _ban objective approach for the paper II and III (Junior research fellowship and lecturership examinations) as per the latest pattern of examination w.e.f. June 2012 |
||
| 260 |
_aGurgaon _bLexis Nexis _c2014 |
||
| 270 |
_a14th Floor, Building No.10, Tower-B, DLF Cyber City, Phase-II _bGurgaon _e122002 |
||
| 300 |
_axii,680p. _c24cm(pbk) |
||
| 490 | _aCatapult test prep series | ||
| 942 |
_2ddc _cEN _mUGC _h340 |
||
| 999 |
_c88812 _d88812 |
||